Welcome to the Holygrace Academy Library

Please use search bar below to get started

THE FLYING FEELING (Record no. 6208)

MARC details
000 -LEADER
fixed length control field 00320nam a22001457a 4500
020 ## - INTERNATIONAL STANDARD BOOK NUMBER
ISBN 0-340-89426-1
082 ## - DEWEY DECIMAL CLASSIFICATION NUMBER
Classification number 823
Item number MCK/F
100 ## - MAIN ENTRY--AUTHOR NAME
Personal name MCKAY, HILARY
245 ## - TITLE STATEMENT
Title THE FLYING FEELING
260 ## - PUBLICATION, DISTRIBUTION, ETC. (IMPRINT)
Place of publication 2005
Name of publisher HODDER CHILDRENS BOOKS
Year of publication 2005
300 ## - PHYSICAL DESCRIPTION
Number of Pages 50
520 ## - SUMMARY, ETC.
Summary, etc SHORT STORY
650 ## - SUBJECT ADDED ENTRY--TOPICAL TERM
Topical Term SHORT STORY
942 ## - ADDED ENTRY ELEMENTS (KOHA)
Koha item type Books
Holdings
Withdrawn status Lost status Collection code Home library Current library Shelving location Date acquired Source of acquisition Full call number Accession Number Koha item type
    Fiction Main Library Main Library SHELF 15-K-CHILDREN'S STORYBOOKS 05/11/2019 Purchase 823 MCK/F 11881 Books